header

You gotta deal with it (Record no. 3830)

MARC details
000 -LEADER
fixed length control field 01191nam a2200301Ia 4500
100 1# - MAIN ENTRY--AUTHOR NAME
Personal name Kennedy, Theodore R.,
245 10 - TITLE STATEMENT
Title You gotta deal with it
260 ## - PUBLICATION, DISTRIBUTION, ETC. (IMPRINT)
Place of publication New York :
Name of publisher Oxford University Press,
Year of publication 1980.
300 ## - PHYSICAL DESCRIPTION
Number of Pages vi, 215 p. :
Other physical details map.
650 #0 - SUBJECT ADDED ENTRY--TOPICAL TERM
Topical Term African American families
856 40 - ELECTRONIC LOCATION AND ACCESS
Uniform Resource Identifier http://site.ebrary.com/lib/rucke/Doc?id=10279267

No items available.

© 2026 Rongo University
Contact us: librarian | system librarian | Rongo university